Podział administracyjny Uzbekistanu - Statystyki

Ogólne statystyki
  • Ten quiz został rozwiązany 7 razy
  • Średni wynik to 2 z 14
Statystyki odpowiedzi
Nazwa np. wilajet lub miasto sto. Nazwa % Poprawnych
Miasto stołeczne Taszkent
100%
Wilajet bucharski
25%
Wilajet fergański
25%
Wilajet samarkandzki
25%
Wilajet taszkencki
25%
Wilajet andiżański
0%
Wilajet chorezmijski
0%
Wilajet dżyzacki
0%
Republika autonomiczna Karakałpacja
0%
Wilajet kaszkadaryjski
0%
Wilajet namangański
0%
Wilajet nawojski
0%
Wilajet surchandaryjski
0%
Wilajet syrdaryjski
0%
Nie znaleziono quizów pasujących do podanych kryteriów
Rozkład punktacji
Procent ludzi z każdym wynikiem
Percentyl według liczby udzielonych odpowiedzi
Twoja historia wyników
Nie rozwiązałeś tego quizu